000 00974nam a2200277 i 4500
003 DO-SdBNP
005 20250603083454.0
006 a||||gr|||| 00| 0
007 ta
008 220912e1974 dr aoc|grc||| 001 0cspa d
040 _aDO-SdBNP
_bspa
_cBNPHU
_erda
082 4 _222
_bR426
110 _aRepública Dominicana
_bDirección General de Bellas Artes
_963525
245 1 0 _aCatálogo de la XIII bienal de artes plásticas. /
264 1 _aSanto Domingo :
_b[sin editora],
_c1974
300 _a[44] páginas :
_bIlustraciones, fotografías, retrato ;
_c22 cm.
336 _2rdacontent
_atexto
_btxt
337 _2rdamedia
_asin mediación
_bn
338 _2rdacarrier
_avolumen
_bnc
500 _aIncluye biografías
590 _aInventariado 2023 / MF
650 4 _976639
_aArte dominicano
_vExposiciones
_vCatálogos
_ySiglo XX
650 4 _922946
_aArtes Plásticas
_vExposiciones
_vCatálogos
_ySiglo XX
_zRepública Dominicana
910 _aMfeliz
942 _2ddc
_cLBS1
999 _c52377
_d52377